Trabajo social : ideología y método /

Gespeichert in:
Bibliographische Detailangaben
1. Verfasser: Paula Faleiros, Vicente de (autor)
Format: Buch
Sprache:Spanisch
Veröffentlicht: Buenos Aires, Argentina : Ecro, 1974, c1974
Ausgabe:2a edición
Schriftenreihe:(Temas de Trabajo Social ; 6)
Schlagworte:
Tags: Tag hinzufügen
Keine Tags, Fügen Sie das erste Tag hinzu!

MARC

LEADER 00000nam^a2200000^a^4500
001 000402358
005 20250521000000.0
009 20260310121710.83
037 |a Acervo ITESO - Biblioteca 
041 |a ESP 
082 |a 361. 301  |b PAU 
100 |a Paula Faleiros, Vicente de  |e (autor) 
245 1 0 |a Trabajo social :  |b ideología y método /  |c V. de Paula Faleiros. 
250 |a 2a edición 
264 4 |a Buenos Aires, Argentina :  |b Ecro,  |c 1974, c1974 
300 |a 155 p. 
336 |a texto  |b txt  |2 rdacontenido 
337 |a sin mediación  |b n  |2 rdamedio 
338 |a volumen  |b nc  |2 rdasoporte 
440 1 |a (Temas de Trabajo Social ;  |v 6) 
561 |a Ex libris manuscrito de Silvia 
649 |a XX 
650 |a Trabajo Social -  |z Latinoamérica 
650 |a Trabajo Social -  |x Teoría -  |x Tema Principal 
650 |a Trabajo Social -  |x Metodología -  |x Tema Principal 
910 |a Fondo Carlos Núñez Hurtado 
920 |a Impresos - Libros 
930 |a Fondos Especiales 
905 |a 117 
901 |a 0500297802  |b IT2  |c ESP  |i d79730  |u 20250521 
902 |a https://opac.biblio.iteso.mx/vufind/Record/000402358